Известие о училище учрежденном в Санктпетербурге при немецкой евангелической церкви святаго апостола Петра, для обучения обоего пола детей, как российских, так и других наций, языкам, наукам и художествам (Запись № 9706606)

Подробности
000 -МАРКЕР
контрольное поле 01505nam0a22003251 4500
001 - ИДЕНТИФИКАТОР ЗАПИСИ
контрольное поле RU\NLR\A1\32166
005 - ИДЕНТИФИКАТОР ВЕРСИИ
контрольное поле 20251203152403.2
035 ## - ДРУГИЕ СИСТЕМНЫЕ НОМЕРА
Идентификатор записи (NLR Aleph) 009682315
100 ## - ДАННЫЕ ОБЩЕЙ ОБРАБОТКИ
Данные общей обработки 20010824d1765 u y0rusy50 ca
101 0# - ЯЗЫК РЕСУРСА
Язык текста, звукозаписи и т.д. русский
102 ## - СТРАНА ПУБЛИКАЦИИ ИЛИ ПРОИЗВОДСТВА
Страна публикации Российская Федерация
200 1# - ЗАГЛАВИЕ И СВЕДЕНИЯ ОБ ОТВЕТСТВЕННОСТИ
Основное заглавие Известие о училище учрежденном в Санктпетербурге при немецкой евангелической церкви святаго апостола Петра, для обучения обоего пола детей, как российских, так и других наций, языкам, наукам и художествам
210 ## - ПУБЛИКАЦИЯ, РАСПРОСТРАНЕНИЕ И ДР.
Место издания, распространения и т.д. [СПб.
Имя издателя, распространителя и т. д. Тип. Акад. наук]
Дата издания, распространения и т.д. 1765
215 ## - ФИЗИЧЕСКАЯ ХАРАКТЕРИСТИКА
Специфическое обозначение материала и объем [6], 16 с.
Размеры
304 ## - ПРИМЕЧАНИЯ, ОТНОСЯЩИЕСЯ К ЗАГЛАВИЮ И СВЕДЕНИЯМ ОБ ОТВЕТСТВЕННОСТИ
Текст примечания В конце текста подпись: Пастор Иоган Бернгард Генрих Гебель, директор училища при церкви святаго Петра
321 1# - ПРИМЕЧАНИЯ ОБ ОТДЕЛЬНО ИЗДАННЫХ УКАЗАТЕЛЯХ / РЕФЕРАТАХ / ССЫЛКАХ, ОТРАЖАЮЩИХ КАТАЛОГИЗИРУЕМЫЙ ДОКУМЕНТ
Примечания об указателях, рефератах, ссылках СК XVIII 1271
620 ## - МЕСТО И ДАТА ПУБЛИКАЦИИ, ИСПОЛНЕНИЯ И Т. Д.
Город Санкт-Петербург
700 #1 - ИМЯ ЛИЦА - ПЕРВИЧНАЯ ОТВЕТСТВЕННОСТЬ
Связь между полями z01700
Начальный элемент ввода Гёбель
Часть имени, кроме начального элемента ввода И.Б.Г.
Расширение инициалов личного имени Иоганн Бернгард Генрих
Код отношения Автор
700 #1 - ИМЯ ЛИЦА - ПЕРВИЧНАЯ ОТВЕТСТВЕННОСТЬ
Связь между полями z01700
Начальный элемент ввода Göbel
Часть имени, кроме начального элемента ввода J.B.H.
Расширение инициалов личного имени Johann Bernhard Heinrich
Код отношения Автор
Графика поля Латинская
712 02 - НАИМЕНОВАНИЕ ОРГАНИЗАЦИИ - ВТОРИЧНАЯ ОТВЕТСТВЕННОСТЬ
Начальный элемент ввода Академическая типография
Идентифицирующий признак Санкт-Петербург
Код отношения Печатник (типограф)
801 #0 - ИСТОЧНИК ЗАПИСИ
Страна Российская Федерация
Организация NLR
Дата составления 20010824
899 ## - ДАННЫЕ О МЕСТОНАХОЖДЕНИИ (устаревшее)
Местонахождение БАН
899 ## - ДАННЫЕ О МЕСТОНАХОЖДЕНИИ (устаревшее)
Местонахождение ГПИБ
899 ## - ДАННЫЕ О МЕСТОНАХОЖДЕНИИ (устаревшее)
Местонахождение БАН
899 ## - ДАННЫЕ О МЕСТОНАХОЖДЕНИИ (устаревшее)
Местонахождение ГПИБ
942 ## - ДОПОЛНИТЕЛЬНЫЕ ЭЛЕМЕНТЫ ЗАПИСИ (АБИС)
Тип экземпляра АБИС Книга
980 ## - КОЛЛЕКЦИЯ
Название коллекции Национальная библиография
980 ## - КОЛЛЕКЦИЯ
Название коллекции Русская книга гражданской печати XVIII в. в библиотеках РФ

Нет доступных экземпляров.